[Event "III Calvia International Open"]
[Site "Calvia"]
[Date "2006.??.??"]
[Round "1.33"]
[White "Sparreboom, Willem"]
[Black "Gonzales, Jayson"]
[Result "0-1"]
[WhiteElo "1993"]
[BlackElo "2418"]
[PlyCount "78"]
[EventDate "2006.10.20"]

1. d4 Nc6 2. Nf3 d6 3. c4 Bg4 4. e3 e5 5. Be2 Nf6 6. d5 Ne7 7. Nc3 a5 8. e4 Ng6
9. Bg5 Be7 10. Nd2 Bxe2 11. Qxe2 Nxd5 12. Nxd5 Bxg5 13. g3 c6 14. Ne3 Ne7 15.
O-O O-O 16. Nb3 Bxe3 17. Qxe3 f5 18. Rad1 f4 19. Qd3 Rf6 20. c5 d5 21. Qc3 d4
22. Qc4+ Kh8 23. f3 h5 24. Kf2 Qd7 25. Rg1 fxg3+ 26. Rxg3 h4 27. Rg4 Raf8 28.
Rxh4+ Rh6 29. Rxh6+ gxh6 30. Nd2 Qh3 31. Rh1 Ng6 32. Qf1 Qe6 33. Qc4 Qf6 34.
Ke1 Nf4 35. Rg1 Nh3 36. Rg2 Ng5 37. Rf2 Qf4 38. Qd3 Ne6 39. b4 Qe3+ 0-1

[Event "III Calvia International Open"]
[Site "Calvia"]
[Date "2006.??.??"]
[Round "1.35"]
[White "Moreno Garcia, Alfonso"]
[Black "So, Wesley"]
[Result "0-1"]
[WhiteElo "1988"]
[BlackElo "2411"]
[PlyCount "62"]
[EventDate "2006.10.20"]

1. e4 c5 2. Nf3 Nc6 3. d4 cxd4 4. Nxd4 Nf6 5. Nc3 e5 6. Ndb5 d6 7. Bg5 a6 8.
Na3 b5 9. Nd5 Be7 10. Nxe7 Nxe7 11. Bd3 Bb7 12. Qf3 Nd7 13. c3 f6 14. Be3 f5
15. Bc2 O-O 16. Qh3 f4 17. Bd2 Nc5 18. f3 Ng6 19. g3 d5 20. O-O-O dxe4 21. gxf4
exf4 22. fxe4 Qe7 23. Rhg1 Ne5 24. b4 Ne6 25. Bb3 Rae8 26. Rdf1 Bxe4 27. Nc2
Kh8 28. Ne1 Nc4 29. Bxc4 bxc4 30. Nf3 Qd7 31. Nd4 Qa4 0-1

[Event "III Calvia International Open"]
[Site "Calvia"]
[Date "2006.??.??"]
[Round "1.36"]
[White "Larino Nieto, David"]
[Black "Helin, Mikael"]
[Result "1-0"]
[WhiteElo "2406"]
[BlackElo "1959"]
[PlyCount "85"]
[EventDate "2006.10.20"]

1. e4 c5 2. Nf3 a6 3. c4 Nc6 4. d4 cxd4 5. Nxd4 Qc7 6. Nc3 e6 7. Be3 Nf6 8. Nc2
Be7 9. Be2 Ne5 10. Qd4 Ng6 11. Rd1 h5 12. f3 h4 13. Qb6 Qb8 14. Kf2 d6 15. a4
Nd7 16. Qd4 Qc7 17. a5 Qxa5 18. Ra1 Qe5 19. Qd2 Rb8 20. f4 Qf6 21. Bf3 Nc5 22.
Ra3 a5 23. Nd4 a4 24. Ndb5 O-O 25. g4 Nxf4 26. Bxf4 Nb3 27. Rxb3 axb3 28. Re1
g5 29. Bxd6 Rd8 30. e5 Qg6 31. Be4 f5 32. gxf5 Qh5 33. Nd5 Bxd6 34. Nf6+ Kh8
35. Nxh5 Bc5+ 36. Nd4 Rxd4 37. Qxg5 Rd2+ 38. Kf3 Rf2+ 39. Kg4 exf5+ 40. Kxh4
Rf4+ 41. Nxf4 Bf2+ 42. Kh5 Bd7 43. Kh6 1-0

[Event "III Calvia International Open"]
[Site "Calvia"]
[Date "2006.??.??"]
[Round "1.37"]
[White "Moreno Cervera, Jose Luis"]
[Black "Wehmeier, Stefan"]
[Result "0-1"]
[WhiteElo "1959"]
[BlackElo "2400"]
[PlyCount "48"]
[EventDate "2006.10.20"]

1. d4 Nf6 2. Bf4 c5 3. e3 Qb6 4. Nc3 cxd4 5. exd4 e6 6. Rb1 Bb4 7. a3 Bxc3+ 8.
bxc3 Qa5 9. Rb3 Nc6 10. Nf3 d5 11. Bd3 a6 12. O-O b5 13. Re1 O-O 14. Ne5 Nxe5
15. dxe5 Nd7 16. Bxh7+ Kxh7 17. Qh5+ Kg8 18. Bh6 g6 19. Qh4 f6 20. Re3 Qc7 21.
exf6 Rxf6 22. Bg5 Rf7 23. Qh6 Nf8 24. Bf4 Qxf4 0-1

[Event "III Calvia International Open"]
[Site "Calvia"]
[Date "2006.??.??"]
[Round "1.41"]
[White "Moreno Mateos, Jose Luis"]
[Black "Leskovar, Mario"]
[Result "1-0"]
[WhiteElo "1888"]
[BlackElo "2373"]
[PlyCount "75"]
[EventDate "2006.10.20"]

1. e4 e5 2. Nf3 d6 3. d4 exd4 4. Nxd4 Nf6 5. Nc3 Be7 6. Bc4 O-O 7. O-O a6 8. a4
Nc6 9. Nxc6 bxc6 10. h3 Rb8 11. b3 Nd7 12. Bb2 Bf6 13. Qd2 Nc5 14. Rab1 Re8 15.
Rfe1 g6 16. Qf4 Ne6 17. Qd2 Be5 18. Nd1 Qf6 19. Bxe5 Qxe5 20. Qc3 Qxc3 21. Nxc3
a5 22. Rbd1 Nc5 23. f3 Bd7 24. e5 d5 25. Nxd5 cxd5 26. Rxd5 Bf5 27. Rxc5 Bxc2
28. Bb5 Bxb3 29. Bxe8 Rxe8 30. Rxa5 Rd8 31. Ra7 c5 32. a5 c4 33. Rc7 Ra8 34.
Ra1 Ra6 35. Kf2 g5 36. Ke3 Kg7 37. Kd4 Kg6 38. Rb7 1-0

[Event "III Calvia International Open"]
[Site "Calvia"]
[Date "2006.10.21"]
[Round "2.1"]
[White "Tiviakov, Sergei"]
[Black "Manik, Mikulas"]
[Result "1/2-1/2"]
[WhiteElo "2680"]
[BlackElo "2454"]
[PlyCount "69"]
[EventDate "2006.10.20"]

1. e4 c5 2. c3 d5 3. exd5 Qxd5 4. d4 g6 5. Nf3 Bg7 6. Na3 Nf6 7. Bc4 Qe4+ 8.
Be3 O-O 9. O-O cxd4 10. Nxd4 Ng4 11. Bg5 Qe5 12. Nf3 Qc5 13. h3 Nf6 14. Re1 Nc6
15. Be3 Qa5 16. Nb5 Bf5 17. Nfd4 Nxd4 18. Nxd4 Bd7 19. Bf4 Qc5 20. Bb3 Nh5 21.
Bh2 Rad8 22. Qe2 e6 23. Rad1 a6 24. Rd3 Bxd4 25. Rxd4 Bc6 26. Qe3 Rxd4 27. cxd4
Qb4 28. Rc1 Rd8 29. Be5 Qe7 30. g4 Nf6 31. Qf4 Ne8 32. g5 Ng7 33. Bf6 Qd6 34.
Be5 Qe7 35. Bf6 1/2-1/2

[Event "III Calvia International Open"]
[Site "Calvia"]
[Date "2006.10.21"]
[Round "2.2"]
[White "Laylo, Darwin"]
[Black "Vallejo Pons, Francisco"]
[Result "0-1"]
[WhiteElo "2448"]
[BlackElo "2674"]
[PlyCount "98"]
[EventDate "2006.10.20"]

1. d4 Nf6 2. Nf3 e6 3. c4 d5 4. e3 a6 5. Nbd2 c5 6. cxd5 exd5 7. dxc5 Bxc5 8.
a3 O-O 9. b4 Ba7 10. Bb2 Nc6 11. Nb3 Ne4 12. Be2 Qd6 13. O-O Re8 14. Nbd4 Bb8
15. Qc2 Qh6 16. Rac1 Nxd4 17. Bxd4 Bg4 18. g3 Qh5 19. Qd1 Ng5 20. Kg2 Bh3+ 21.
Kg1 Bxf1 22. Kxf1 Ne4 23. Nh4 Qh6 24. Kg2 Be5 25. Nf3 Bxd4 26. Nxd4 Qd6 27. Bf3
g6 28. h4 Nf6 29. Qb3 Rac8 30. Rd1 h5 31. Ne2 Qe5 32. Nf4 Qc3 33. Qb1 Qc2 34.
Qxc2 Rxc2 35. Nxd5 Nxd5 36. Rxd5 Rxe3 37. Rd7 Re6 38. Rxb7 Rd6 39. g4 hxg4 40.
Bxg4 Rdd2 41. Kg3 Rxf2 42. Bd1 Rg2+ 43. Kf3 Rcf2+ 44. Ke3 Ra2 45. a4 Rh2 46. h5
gxh5 47. Rb6 Rh4 48. b5 Ra3+ 49. Kd2 Rh2+ 0-1

[Event "III Calvia International Open"]
[Site "Calvia"]
[Date "2006.10.21"]
[Round "2.3"]
[White "Borges Mateos, Juan"]
[Black "Nijboer, Friso"]
[Result "1-0"]
[WhiteElo "2431"]
[BlackElo "2641"]
[PlyCount "83"]
[EventDate "2006.10.20"]

1. d4 f5 2. g3 Nf6 3. Bg2 g6 4. b3 Bg7 5. Bb2 O-O 6. Nd2 d6 7. Ngf3 Nc6 8. O-O
Ne4 9. e3 Nxd2 10. Qxd2 Qe8 11. c4 e5 12. Ne1 Bd7 13. f4 Kh8 14. fxe5 dxe5 15.
d5 Nd8 16. Nd3 e4 17. Nc5 Bxb2 18. Qxb2+ Kg8 19. g4 Bc8 20. gxf5 Bxf5 21. Qd4
Qe7 22. Nxe4 Bxe4 23. Rxf8+ Qxf8 24. Bxe4 Qg7 25. c5 Nf7 26. d6 c6 27. Qxg7+
Kxg7 28. Bg2 Re8 29. Kf2 Ne5 30. Ke2 Ng4 31. Bh3 Nf6 32. Kd3 Nd5 33. Bg2 Nb4+
34. Kd2 Na6 35. b4 Nxb4 36. Rb1 Na6 37. Rxb7+ Kf6 38. Bxc6 Rc8 39. Bf3 Rxc5 40.
Rxa7 Nb4 41. a3 Nd5 42. Rxh7 1-0

[Event "III Calvia International Open"]
[Site "Calvia"]
[Date "2006.10.21"]
[Round "2.4"]
[White "Spraggett, Kevin"]
[Black "Zawadzki, Stanislaw"]
[Result "1-0"]
[WhiteElo "2610"]
[BlackElo "2422"]
[PlyCount "77"]
[EventDate "2006.10.20"]

1. e4 c5 2. Nf3 d6 3. d4 cxd4 4. Nxd4 Nf6 5. Nc3 Nc6 6. Bg5 e6 7. Qd2 a6 8.
O-O-O Bd7 9. f3 h6 10. Be3 b5 11. Nxc6 Bxc6 12. Ne2 Qc7 13. Nd4 Bb7 14. Bd3 e5
15. Nb3 d5 16. Qa5 Bd6 17. Qxc7 Bxc7 18. Nc5 Bc6 19. exd5 Bxd5 20. Nxa6 Bd6 21.
Bxb5+ Ke7 22. a4 Rhc8 23. Kb1 Bb7 24. Rxd6 Kxd6 25. Rd1+ Ke7 26. Nc5 Bc6 27.
Bxc6 Rxc6 28. b4 Rd6 29. Rxd6 Kxd6 30. c4 e4 31. fxe4 Re8 32. Kc2 Nxe4 33.
Nxe4+ Rxe4 34. Kd3 f5 35. a5 Kc7 36. b5 g5 37. a6 Rg4 38. b6+ Kb8 39. Bc5 1-0

[Event "III Calvia International Open"]
[Site "Calvia"]
[Date "2006.10.21"]
[Round "2.5"]
[White "Jones, Gawain C"]
[Black "Damljanovic, Branko"]
[Result "1/2-1/2"]
[WhiteElo "2430"]
[BlackElo "2595"]
[PlyCount "139"]
[EventDate "2006.10.20"]

1. e4 c5 2. Nc3 Nc6 3. Bb5 Nd4 4. Bc4 e6 5. Nge2 Nf6 6. O-O a6 7. d3 Nc6 8. a4
Be7 9. d4 cxd4 10. Nxd4 Qc7 11. Nxc6 bxc6 12. Qe2 d5 13. Bd3 Bb7 14. Re1 Nd7
15. Qh5 g6 16. Qh6 Bf8 17. Qh4 Bg7 18. Bh6 O-O 19. Bxg7 Kxg7 20. a5 e5 21. b4
d4 22. Na4 c5 23. bxc5 Nxc5 24. Nxc5 Qxc5 25. f4 Bc6 26. fxe5 Qxe5 27. Qf2 Rfd8
28. Qe2 Bb5 29. Bxb5 axb5 30. Reb1 b4 31. a6 Rdc8 32. Ra4 Rc3 33. Raxb4 Re3 34.
Qf1 Rxe4 35. Rb5 Qe8 36. Rb7 Re6 37. a7 Rf6 38. Qd3 Qa4 39. R7b4 Qxa7 40. Qxd4
Qxd4+ 41. Rxd4 Ra2 42. Rc4 h5 43. Rf1 g5 44. Rxf6 Kxf6 45. h4 g4 46. Rc5 Ke6
47. Kf2 f5 48. Ke3 Ra4 49. c4 Ra1 50. Rc6+ Ke5 51. Rc5+ Kf6 52. Rc6+ Ke7 53.
Rh6 Rf1 54. Rxh5 Kf6 55. Rh8 Re1+ 56. Kf2 Rc1 57. Rf8+ Kg6 58. Rc8 f4 59. Rc5
Rc2+ 60. Kf1 g3 61. h5+ Kh6 62. Rf5 Rxc4 63. Ke2 Rc2+ 64. Kf3 Rf2+ 65. Kg4 Rxg2
66. Rf6+ Kh7 67. Rf7+ Kg8 68. Rxf4 Rh2 69. Kxg3 Rxh5 70. Rg4+ 1/2-1/2

[Event "III Calvia International Open"]
[Site "Calvia"]
[Date "2006.10.21"]
[Round "2.7"]
[White "Gonzales, Jayson"]
[Black "Ghaem Maghami, Ehsan"]
[Result "1/2-1/2"]
[WhiteElo "2418"]
[BlackElo "2580"]
[PlyCount "31"]
[EventDate "2006.10.20"]

1. c4 Nf6 2. g3 e6 3. Bg2 d5 4. Nf3 Be7 5. d4 O-O 6. O-O dxc4 7. Qa4 a6 8. Qxc4
b5 9. Qc2 Bb7 10. Bd2 Be4 11. Qc1 Qc8 12. a4 Nbd7 13. Nc3 Bc6 14. Bg5 Qb7 15.
e4 b4 16. d5 1/2-1/2

[Event "III Calvia International Open"]
[Site "Calvia"]
[Date "2006.10.21"]
[Round "2.8"]
[White "Bartel, Mateusz"]
[Black "Larino Nieto, David"]
[Result "0-1"]
[WhiteElo "2569"]
[BlackElo "2406"]
[PlyCount "52"]
[EventDate "2006.10.20"]

1. g3 d5 2. f4 c5 3. Bg2 Nc6 4. Nf3 Bg4 5. O-O Nf6 6. Ne5 Nxe5 7. fxe5 Nd7 8.
Bxd5 Nxe5 9. Bxb7 Bh3 10. Rf2 Rb8 11. Bh1 Qd7 12. Nc3 h5 13. e3 Ng4 14. Rf4 g5
15. Ra4 Bg7 16. Ra6 Kf8 17. Qf3 Bxc3 18. bxc3 Qb5 19. Rxa7 Rh6 20. c4 Qb6 21.
Ra3 Rf6 22. Qe2 Rf1+ 23. Qxf1 Bxf1 24. Rb3 Qd6 25. Rxb8+ Qxb8 26. Kxf1 Qe5 0-1

[Event "III Calvia International Open"]
[Site "Calvia"]
[Date "2006.10.21"]
[Round "2.9"]
[White "So, Wesley"]
[Black "Heberla, Bartlomiej"]
[Result "1/2-1/2"]
[WhiteElo "2411"]
[BlackElo "2569"]
[PlyCount "74"]
[EventDate "2006.10.20"]

1. e4 c5 2. Nf3 d6 3. d4 cxd4 4. Nxd4 Nf6 5. Nc3 Bd7 6. Bg5 e6 7. Qd2 a6 8.
O-O-O h6 9. Bxf6 Qxf6 10. f4 Nc6 11. Nxc6 Bxc6 12. Qe3 Qd8 13. Kb1 Be7 14. f5
Qa5 15. Qg3 Qe5 16. Qxe5 dxe5 17. fxe6 fxe6 18. Bc4 Bd7 19. Rhf1 Rf8 20. Rxf8+
Bxf8 21. Rf1 Bc5 22. Be2 Ke7 23. Bh5 Be8 24. Bxe8 Rxe8 25. Rf3 Rd8 26. Kc1 Rd4
27. Rd3 Rc4 28. b3 Ba3+ 29. Kd2 Rc8 30. Nd1 Bc5 31. c3 Rf8 32. Rf3 Rf4 33. Rxf4
exf4 34. Ke2 h5 35. Kf3 e5 36. Nb2 b5 37. a4 Kd6 1/2-1/2

[Event "III Calvia International Open"]
[Site "Calvia"]
[Date "2006.10.21"]
[Round "2.10"]
[White "Andersson, Ulf"]
[Black "Aaberg, Anton"]
[Result "1/2-1/2"]
[WhiteElo "2542"]
[BlackElo "2393"]
[PlyCount "24"]
[EventDate "2006.10.20"]

1. d4 d5 2. c4 c6 3. cxd5 cxd5 4. Nf3 Nf6 5. Nc3 Nc6 6. Bf4 Bf5 7. e3 e6 8. Bd3
Bxd3 9. Qxd3 Bd6 10. Bxd6 Qxd6 11. O-O O-O 12. Rac1 Nb8 1/2-1/2

[Event "III Calvia International Open"]
[Site "Calvia"]
[Date "2006.10.21"]
[Round "2.11"]
[White "Wehmeier, Stefan"]
[Black "Romanishin, Oleg M"]
[Result "0-1"]
[WhiteElo "2400"]
[BlackElo "2542"]
[PlyCount "70"]
[EventDate "2006.10.20"]

1. e4 e5 2. Nf3 Nc6 3. Nc3 Nf6 4. Bb5 Nd4 5. Bc4 Nxf3+ 6. Qxf3 d6 7. d3 Be7 8.
h3 c6 9. g4 b5 10. Bb3 O-O 11. g5 Nd7 12. h4 Nc5 13. Be3 Nxb3 14. axb3 Be6 15.
d4 exd4 16. Bxd4 b4 17. Ne2 c5 18. Be3 d5 19. Nf4 d4 20. Bd2 Qd7 21. Rg1 a5 22.
Nh5 Qc6 23. Qf4 Kh8 24. f3 c4 25. bxc4 Qxc4 26. Qe5 Rg8 27. f4 Qxc2 28. Rc1 Qd3
29. Rg3 Qa6 30. Qxd4 Rad8 31. Qf2 Qb7 32. Qe2 Rd4 33. Re3 Rgd8 34. Rd1 Bc4 35.
Qg2 b3 0-1

[Event "III Calvia International Open"]
[Site "Calvia"]
[Date "2006.10.21"]
[Round "2.12"]
[White "Strikovic, Aleksa"]
[Black "Rendle, Thomas"]
[Result "1-0"]
[WhiteElo "2535"]
[BlackElo "2382"]
[PlyCount "135"]
[EventDate "2006.10.20"]

1. c4 f5 2. Nf3 Nf6 3. g3 e6 4. Bg2 Be7 5. O-O O-O 6. b3 d6 7. d4 Ne4 8. Bb2
Bf6 9. Nbd2 Nc6 10. Nxe4 fxe4 11. Ne1 d5 12. e3 Ne7 13. f3 exf3 14. Nxf3 c5 15.
Qe2 Qb6 16. dxc5 Qxc5 17. Bd4 Qd6 18. Rad1 e5 19. Bb2 Bg4 20. h3 Bxf3 21. Rxf3
e4 22. Rf4 Ng6 23. Bxe4 Nxf4 24. gxf4 Qb6 25. Bxd5+ Kh8 26. Bc1 Rae8 27. Qf3
Qa5 28. Qe2 Qb6 29. Kh1 Qc7 30. e4 g6 31. e5 Bg7 32. Qg2 b6 33. Qg4 Qc5 34. Qg3
Qa5 35. a3 Qc5 36. b4 Qe7 37. h4 Rf5 38. Bf3 Rd8 39. Rd5 Rxd5 40. cxd5 Qc7 41.
Be3 Qc3 42. Be4 Rf8 43. d6 Qxa3 44. Qe1 Rd8 45. Qd2 Qb3 46. Kg2 Qe6 47. Bf3 h6
48. Kg3 h5 49. b5 Qc4 50. Bc6 Qe6 51. Qd1 Qc4 52. Qd5 Qe2 53. Qf3 Qc4 54. Qe4
Qe6 55. Bf2 Qg4+ 56. Kh2 Bh6 57. Bg3 Rf8 58. d7 Qe6 59. Qd5 Qe7 60. f5 gxf5 61.
e6 f4 62. Bf2 Kg8 63. Qxh5 Bg7 64. Qg5 Rf6 65. Bd4 Kf8 66. Qd5 Qd8 67. Qd6+ Kg8
68. e7 1-0

[Event "III Calvia International Open"]
[Site "Calvia"]
[Date "2006.10.21"]
[Round "2.13"]
[White "Gomez, John Paul"]
[Black "Suba, Mihai"]
[Result "1-0"]
[WhiteElo "2387"]
[BlackElo "2535"]
[PlyCount "97"]
[EventDate "2006.10.20"]

1. e4 c5 2. Nf3 d6 3. d4 Nf6 4. Nc3 cxd4 5. Nxd4 e6 6. g4 h6 7. h4 Nc6 8. Rg1
h5 9. gxh5 Nxh5 10. Bg5 Qb6 11. Nb3 a6 12. Qd2 Bd7 13. O-O-O Rc8 14. Kb1 Qc7
15. Bd3 Ne5 16. Qe2 b5 17. Rc1 Be7 18. Bxe7 Kxe7 19. Qe3 b4 20. Ne2 Bb5 21. f4
Nc4 22. Qf2 e5 23. fxe5 dxe5 24. Ng3 Nf4 25. Nf5+ Kf8 26. Rxg7 Na3+ 27. bxa3
Bd7 28. Rg3 bxa3 29. Bxa6 Rb8 30. Qd2 Bxf5 31. exf5 Rxh4 32. f6 Rh6 33. c4 Rxf6
34. Bb5 Ng6 35. Rd3 e4 36. Re3 Rf4 37. Qd4 Qe7 38. Qc5 Ne5 39. Rce1 f5 40. Qd4
Rd8 41. Qc3 Rf2 42. Rh3 Rd3 43. Rxd3 Nxd3 44. Qh8+ Kf7 45. Rh1 Rb2+ 46. Ka1 Rg2
47. Be8+ Qxe8 48. Rh7+ Kg6 49. Qg7# 1-0

[Event "III Calvia International Open"]
[Site "Calvia"]
[Date "2006.10.21"]
[Round "2.14"]
[White "Dziuba, Marcin"]
[Black "Das, Arghyadip"]
[Result "1-0"]
[WhiteElo "2535"]
[BlackElo "2373"]
[PlyCount "113"]
[EventDate "2006.10.20"]

1. d4 Nf6 2. c4 e6 3. Nf3 b6 4. a3 Bb7 5. Nc3 d5 6. Bg5 Be7 7. Bxf6 Bxf6 8.
cxd5 exd5 9. Qb3 O-O 10. Rd1 Qd7 11. g3 Rd8 12. Bg2 Nc6 13. O-O Ne7 14. Rfe1
Rab8 15. Qc2 Nf5 16. e3 Qe6 17. Ne2 Nd6 18. Nf4 Qe7 19. Nd2 Ne8 20. b4 g6 21.
Qb3 Qd7 22. a4 Bg7 23. Rc1 c6 24. b5 cxb5 25. axb5 Nd6 26. Rb1 Ne4 27. Nxe4
dxe4 28. Ra1 Ra8 29. Bh3 Qe7 30. Ra4 Bh6 31. Ne2 Bd5 32. Qb2 f5 33. Nc3 Bf7 34.
Na2 Qd7 35. Ra3 Rac8 36. Bf1 Bf8 37. Rc3 Rxc3 38. Nxc3 Rc8 39. Rc1 Rc7 40. Nb1
Qc8 41. Rxc7 Qxc7 42. Nd2 Bd6 43. Be2 Bd5 44. Bd1 Qd7 45. Nb1 Bc4 46. Be2 Qf7
47. Bxc4 Qxc4 48. Nd2 Qe2 49. Qb3+ Kg7 50. Nc4 Bb4 51. Qxb4 Qd1+ 52. Kg2 Qf3+
53. Kf1 Qd1+ 54. Qe1 Qd3+ 55. Qe2 Qb1+ 56. Kg2 Qxb5 57. Qa2 1-0

[Event "III Calvia International Open"]
[Site "Calvia"]
[Date "2006.10.21"]
[Round "2.15"]
[White "Spassov, Liuben"]
[Black "Conquest, Stuart"]
[Result "0-1"]
[WhiteElo "2365"]
[BlackElo "2530"]
[PlyCount "71"]
[EventDate "2006.10.20"]

1. d4 Nf6 2. c4 g6 3. Nc3 d5 4. cxd5 Nxd5 5. Bd2 Bg7 6. e4 Nb6 7. Be3 O-O 8.
Bb5 a6 9. Be2 f5 10. Nh3 fxe4 11. Qb3+ e6 12. Ng5 Nd5 13. Ncxe4 Nc6 14. Rd1
Nxe3 15. fxe3 Qe7 16. a3 Kh8 17. Rf1 Rf5 18. h4 h6 19. Nf3 Rf8 20. Bd3 e5 21.
d5 Nd8 22. Qc2 Bg4 23. Ned2 e4 24. Bxe4 Nf7 25. Kf2 Nd6 26. Bxg6 Qxh4+ 27. Kg1
Qg3 28. Rf2 Bxf3 29. Nxf3 Rf6 30. Bd3 Re8 31. Qd2 h5 32. Qe2 Bh6 33. e4 Bf4 34.
e5 Rxe5 35. Qf1 Be3 36. Qe2 0-1

[Event "III Calvia International Open"]
[Site "Calvia"]
[Date "2006.10.21"]
[Round "2.16"]
[White "Cramling, Pia"]
[Black "Ziska, Helgi Dam"]
[Result "1-0"]
[WhiteElo "2528"]
[BlackElo "2364"]
[PlyCount "57"]
[EventDate "2006.10.20"]

1. d4 f5 2. g3 Nf6 3. Bg2 g6 4. b3 Bg7 5. Bb2 O-O 6. Nf3 d6 7. O-O Ne4 8. Nbd2
Nc6 9. Ne1 d5 10. Ndf3 f4 11. Nd3 fxg3 12. hxg3 Bf5 13. Rc1 Bh6 14. Rb1 Be6 15.
Nc5 Nxc5 16. dxc5 Bf5 17. b4 Bg7 18. Bxg7 Kxg7 19. b5 Nb8 20. g4 Bc8 21. Qd4+
Kg8 22. Ne5 c6 23. c4 Be6 24. Rfd1 Qc7 25. cxd5 Rd8 26. d6 exd6 27. cxd6 Qb6
28. bxc6 Qxd4 29. cxb7 1-0

[Event "III Calvia International Open"]
[Site "Calvia"]
[Date "2006.10.21"]
[Round "2.18"]
[White "Godena, Michele"]
[Black "Lanzani, Mario"]
[Result "1/2-1/2"]
[WhiteElo "2522"]
[BlackElo "2335"]
[PlyCount "99"]
[EventDate "2006.10.20"]

1. e4 e5 2. Nf3 Nc6 3. Bc4 Nf6 4. d3 Bc5 5. c3 d6 6. Bb3 O-O 7. Nbd2 a6 8. h3
Ba7 9. Nf1 d5 10. Qe2 Be6 11. Bc2 dxe4 12. dxe4 h6 13. Ng3 b5 14. Nh2 Nh7 15.
Nf5 Bxf5 16. exf5 e4 17. O-O Re8 18. Be3 Bxe3 19. Qxe3 Qh4 20. Rfe1 Nf6 21. Ng4
Nxg4 22. hxg4 Ne5 23. Qxe4 Nxg4 24. Qf4 Qg5 25. Qxg5 hxg5 26. f3 Nf6 27. Kf2
Rxe1 28. Rxe1 Kf8 29. a4 Rd8 30. axb5 axb5 31. Re2 Rd5 32. g4 Rd7 33. Be4 Nxe4+
34. fxe4 Rd3 35. e5 Ke7 36. e6 Rh3 37. Kg2 Rd3 38. Kf2 Rh3 39. exf7+ Kxf7 40.
Re5 Rh2+ 41. Ke3 Rxb2 42. Rc5 Rg2 43. Kf3 Rc2 44. Rxc7+ Kf6 45. Rc5 Rb2 46.
Rc6+ Kf7 47. Rc7+ Kf6 48. Rc6+ Kf7 49. Ke3 Rg2 50. Kf3 1/2-1/2

[Event "III Calvia International Open"]
[Site "Calvia"]
[Date "2006.10.21"]
[Round "2.19"]
[White "Kutuzov, Denis"]
[Black "Sulskis, Sarunas"]
[Result "0-1"]
[WhiteElo "2315"]
[BlackElo "2518"]
[PlyCount "98"]
[EventDate "2006.10.20"]

1. e4 c6 2. d3 d5 3. Nd2 e5 4. Ngf3 Bd6 5. g3 Nf6 6. Bg2 O-O 7. O-O Re8 8. Re1
Bg4 9. c3 Qc8 10. Qc2 Bh3 11. Bh1 h6 12. d4 Nbd7 13. exd5 cxd5 14. dxe5 Bxe5
15. Nb3 Qc4 16. Be3 Ng4 17. Nfd2 Qb5 18. a4 Qc6 19. Qd3 Nxe3 20. Rxe3 Nf6 21.
Nf3 Bc7 22. Nfd4 Rxe3 23. Qxe3 Qc4 24. Qe2 Qxe2 25. Nxe2 Re8 26. Ned4 a6 27.
Bg2 Bc8 28. a5 g5 29. Kf1 h5 30. h3 h4 31. gxh4 gxh4 32. Nf3 Re4 33. Re1 Ra4
34. Nbd4 Rxa5 35. Nxh4 Ra2 36. Rb1 Ne4 37. Ke1 Ba5 38. Nhf5 Rxb2 39. Rxb2 Bxc3+
40. Rd2 Bxd2+ 41. Ke2 Bb4 42. Bxe4 dxe4 43. Ke3 a5 44. Kxe4 a4 45. Kd3 a3 46.
Kc2 Bc5 47. Kc3 b5 48. Nb3 b4+ 49. Kc4 Be6+ 0-1

[Event "III Calvia International Open"]
[Site "Calvia"]
[Date "2006.10.21"]
[Round "2.20"]
[White "Gajewski, Grzegorz"]
[Black "Bogza, Adina-Maria"]
[Result "1-0"]
[WhiteElo "2515"]
[BlackElo "2308"]
[PlyCount "79"]
[EventDate "2006.10.20"]

1. d4 d6 2. Nf3 g6 3. c4 f5 4. g3 Nf6 5. Bg2 Bg7 6. O-O O-O 7. b4 Ne4 8. Qb3 c6
9. Nc3 Nd7 10. Bb2 Ndf6 11. Nxe4 fxe4 12. Ng5 Bf5 13. f3 exf3 14. exf3 h6 15.
Nh3 g5 16. g4 Be6 17. f4 b5 18. fxg5 Bxc4 19. Qc2 hxg5 20. Nxg5 Qd7 21. Rf4 e6
22. Re1 Bh6 23. h4 Qg7 24. d5 e5 25. Ne6 Qh7 26. Qxh7+ Nxh7 27. Rxc4 bxc4 28.
g5 Bg7 29. dxc6 Rf7 30. Bd5 Kh8 31. g6 Re7 32. gxh7 a6 33. a4 Bf6 34. b5 axb5
35. axb5 Bxh4 36. Re2 Kxh7 37. b6 Ra2 38. c7 Re8 39. b7 c3 40. Bxa2 1-0

[Event "III Calvia International Open"]
[Site "Calvia"]
[Date "2006.10.21"]
[Round "2.21"]
[White "Rivera, Daniel"]
[Black "Neelotpal, Das"]
[Result "0-1"]
[WhiteElo "2309"]
[BlackElo "2490"]
[PlyCount "106"]
[EventDate "2006.10.20"]

1. e4 c5 2. Nc3 e6 3. Nf3 a6 4. d4 cxd4 5. Nxd4 Qc7 6. Bd3 Nf6 7. O-O Be7 8.
Qe2 d6 9. f4 Nbd7 10. Kh1 b5 11. a4 b4 12. Na2 a5 13. e5 dxe5 14. Nb5 Qb8 15.
fxe5 Nd5 16. c4 bxc3 17. Naxc3 Bb7 18. Bg5 Nxc3 19. bxc3 Qxe5 20. Qxe5 Nxe5 21.
Nc7+ Kd7 22. Nxa8 Bxg5 23. Nb6+ Ke7 24. Be2 Be4 25. Ra2 Rd8 26. Rd1 Rxd1+ 27.
Bxd1 Be3 28. Re2 Bxb6 29. Rxe4 Nd3 30. Re2 Nf2+ 31. Rxf2 Bxf2 32. g3 Be1 33. c4
Kd6 34. Bc2 g6 35. Kg2 Kc5 36. Kf3 Kxc4 37. Ke4 Bc3 38. g4 f5+ 39. gxf5 gxf5+
40. Ke3 Bf6 41. Bd3+ Kd5 42. Bc2 Bg5+ 43. Kf3 Ke5 44. Bd3 Kf6 45. Bb5 e5 46.
Bc6 e4+ 47. Kg3 Ke5 48. h4 Bd8 49. h5 h6 50. Bb7 Bc7 51. Ba8 Kd4+ 52. Kf2 Kd3
53. Bc6 Bg3+ 0-1

[Event "III Calvia International Open"]
[Site "Calvia"]
[Date "2006.10.21"]
[Round "2.22"]
[White "Dimakiling, Oliver"]
[Black "Gonzalez Arribas, Vidal Alejand"]
[Result "1-0"]
[WhiteElo "2476"]
[BlackElo "2297"]
[PlyCount "119"]
[EventDate "2006.10.20"]

1. d4 d5 2. Nf3 c6 3. c4 e6 4. Nc3 dxc4 5. a4 Bb4 6. e3 b5 7. Bd2 a5 8. Ne5 Nf6
9. g3 Bb7 10. Bg2 Qb6 11. O-O Nbd7 12. f4 O-O 13. Qc2 Be7 14. Nxd7 Nxd7 15. f5
e5 16. d5 b4 17. dxc6 Bxc6 18. Nd5 Bxd5 19. Bxd5 Rac8 20. Bxc4 Qc5 21. Rac1 Nb6
22. Bb3 Qxc2 23. Rxc2 Rxc2 24. Bxc2 Nd5 25. Bc1 Bc5 26. Kf2 Rd8 27. Ke2 Rd6 28.
Bb3 Nb6 29. Bd2 Kf8 30. h4 Ke7 31. g4 Nd7 32. Bc4 Nf6 33. g5 Ne4 34. Be1 Bb6
35. Bb5 f6 36. Rg1 Rd8 37. Rg4 Nd6 38. Bd3 Kf7 39. Bc2 Rc8 40. Bb3+ Ke7 41.
gxf6+ Kxf6 42. e4 Bd4 43. h5 Nxe4 44. Rxe4 Kxf5 45. Rh4 Rc1 46. Bd2 Rg1 47.
Bc2+ Kf6 48. Bxh7 Bxb2 49. Rc4 Ra1 50. Rc6+ Ke7 51. Bf5 e4 52. Bg5+ Bf6 53.
Bxf6+ gxf6 54. h6 Rxa4 55. h7 Ra2+ 56. Ke3 Rh2 57. Rc8 b3 58. h8=Q Rxh8 59.
Rxh8 a4 60. Ra8 1-0

[Event "III Calvia International Open"]
[Site "Calvia"]
[Date "2006.10.21"]
[Round "2.23"]
[White "Habibi, Ali"]
[Black "Caruana, Fabiano"]
[Result "0-1"]
[WhiteElo "2298"]
[BlackElo "2474"]
[PlyCount "62"]
[EventDate "2006.10.20"]

1. Nf3 Nf6 2. b3 c5 3. Bb2 e6 4. g3 b6 5. Bg2 Bb7 6. O-O Be7 7. d3 O-O 8. e4 d6
9. Ne1 Nc6 10. f4 Nd7 11. g4 Bf6 12. Nc3 b5 13. g5 Bd4+ 14. Kh1 b4 15. Na4 Nb6
16. Bxd4 Nxd4 17. Nb2 d5 18. h4 f6 19. Qg4 f5 20. exf5 exf5 21. Qd1 Re8 22. a3
a5 23. a4 Qd6 24. Nc4 dxc4 25. Bxb7 Ra7 26. Bg2 c3 27. Bf3 Rae7 28. Ng2 Nd5 29.
Rc1 Ne3 30. Nxe3 Rxe3 31. Rf2 Nxf3 0-1

[Event "III Calvia International Open"]
[Site "Calvia"]
[Date "2006.10.21"]
[Round "2.24"]
[White "Libiszewski, Fabien"]
[Black "Canyelles Frau, Josep"]
[Result "1-0"]
[WhiteElo "2469"]
[BlackElo "2080"]
[PlyCount "83"]
[EventDate "2006.10.20"]

1. e4 e5 2. Nf3 Nc6 3. Bb5 a6 4. Ba4 Nf6 5. O-O b5 6. Bb3 Be7 7. Re1 O-O 8. d4
d6 9. c3 Bg4 10. d5 Na5 11. Bc2 c5 12. b3 Ne8 13. h3 Bxf3 14. Qxf3 Bg5 15. Nd2
g6 16. g3 Ng7 17. Qe2 f5 18. exf5 gxf5 19. h4 Bh6 20. b4 Nb7 21. a4 c4 22. Nf3
Bxc1 23. Rexc1 Qf6 24. axb5 axb5 25. Qe3 Rae8 26. Ra7 Nd8 27. Rca1 e4 28. Ng5
h6 29. Nh3 f4 30. Nxf4 Nf5 31. Qe2 Nxh4 32. Qg4+ Qg5 33. Qxg5+ hxg5 34. Nh5
Nf3+ 35. Kg2 Rf7 36. Bxe4 Ne1+ 37. Rxe1 Rxa7 38. Nf6+ Kf8 39. Nxe8 Kxe8 40.
Bg6+ Kf8 41. Re8+ Kg7 42. Rxd8 1-0